| 000 | 00464nam a22001817a 4500 | ||
|---|---|---|---|
| 008 | 170612b xxu||||| |||| 00| p tur d | ||
| 020 | _a9752890202 | ||
| 041 | _atur | ||
| 050 | _aPL248.T357 | ||
| 100 |
_aTemelkuran, Ece _9244 |
||
| 245 |
_aKıyı Kitabı _cEce Temelkuran |
||
| 250 | _a1. baskı | ||
| 260 |
_aİstanbul _bEverest Yayınları _cEylül 2002 |
||
| 300 | _a112 sayfa | ||
| 500 | _aEverest 137 | ||
| 650 | 0 |
_9145 _aTürk Edebiyatı |
|
| 942 |
_2lcc _cBK |
||
| 999 |
_c177 _d173 |
||